Perspectives of obtaining external corporate financing in the EU and sources of trade finance
Komplexný pohľad na zdroje financovania v EÚ a identifikácia alternatívnych možností financovania. Klasifikácia zdrojov financovania - bankové pôžičky, dlhopisy, akciové podiely, finančný leasing, forfaiting, faktoring a fondy EÚ. Analýza celkového dopadu globálnej krízy na dostupnosť fin. zdrojov a...
Salvato in:
| Autore principale: | |
|---|---|
| Natura: | Capitolo di libro |
| Lingua: | inglese |
| Soggetti: | |
| Tags: |
Nessun Tag, puoi essere il primo ad aggiungerne!!
|
MARC
| LEADER | 00000nla a2200000 4500 | ||
|---|---|---|---|
| 001 | 0180636 | ||
| 005 | 20240502073101.8 | ||
| 041 | 0 | |a eng | |
| 044 | |a SK | ||
| 245 | 1 | 0 | |a Perspectives of obtaining external corporate financing in the EU and sources of trade finance |c Miroslava Makarová |
| 520 | |a Komplexný pohľad na zdroje financovania v EÚ a identifikácia alternatívnych možností financovania. Klasifikácia zdrojov financovania - bankové pôžičky, dlhopisy, akciové podiely, finančný leasing, forfaiting, faktoring a fondy EÚ. Analýza celkového dopadu globálnej krízy na dostupnosť fin. zdrojov a vplyv na špekulatívne finančné transakcie. | ||
| 610 | 2 | 0 | |a financovanie cudzie |
| 610 | 2 | 0 | |a Európska únia |
| 610 | 2 | 0 | |a zdroje finančné |
| 610 | 2 | 0 | |a pôžičky |
| 610 | 2 | 0 | |a dlhopisy |
| 610 | 2 | 0 | |a podiely obchodné |
| 610 | 2 | 0 | |a lízing finančný |
| 610 | 2 | 0 | |a regulácia finančná |
| 610 | 2 | 0 | |a kríza finančná |
| 100 | 1 | |a Makarová, Miroslava, 1989- | |